| 000 | 00575nam a22001937a 4500 | ||
|---|---|---|---|
| 999 |
_c193197 _d193197 |
||
| 005 | 20221017163936.0 | ||
| 010 | _aB-746003 | ||
| 020 |
_a9789384540111 _c300.00 |
||
| 035 | _aB-746003 | ||
| 037 | _bNoida Book Publishing | ||
| 082 | _a921 | ||
| 100 | _aTiwari, Reema | ||
| 245 |
_aMahatma Chanakya / _cby Reema Tiwari |
||
| 260 |
_aNoida _bNoida Book Publishing _c2021 |
||
| 270 |
_aB-114, Sector-55 _bNoida _e55 |
||
| 300 |
_a104p. _c22cm(Hb) |
||
| 942 |
_2ddc _cEN _mTIW _h921 |
||